<?xml version="1.0" encoding="UTF-8"?>
<resp>
  <nextPage>https://data.bn.org.pl/api/networks/bibs.marcxml?marc=001+b00001150002426&amp;sinceId=1150002427</nextPage>
  <collection>
    <record xmlns='http://www.loc.gov/MARC21/slim'><leader>00984namZa2200325ZiZ4500</leader><controlfield tag='001'>b00001150002426</controlfield><controlfield tag='005'>20241203215025.2</controlfield><controlfield tag='008'>230609s        pl           |000 0 pol c</controlfield><controlfield tag='009'>9913261476405606</controlfield><datafield ind1=' ' ind2=' ' tag='020'><subfield code='a'>MKras / MCz / EW</subfield></datafield><datafield ind1=' ' ind2=' ' tag='035'><subfield code='a'>KR_1KR_1_20120318002413081551-48omnis_kr</subfield></datafield><datafield ind1=' ' ind2=' ' tag='035'><subfield code='a'>KR_1_20120318002413081551</subfield><subfield code='9'>ExL</subfield></datafield><datafield ind1=' ' ind2=' ' tag='035'><subfield code='a'>(PL)b00001150002426</subfield></datafield><datafield ind1=' ' ind2=' ' tag='040'><subfield code='a'>KR_1</subfield><subfield code='c'>KR_1</subfield></datafield><datafield ind1='1' ind2=' ' tag='041'><subfield code='a'>pol</subfield><subfield code='h'>eng</subfield></datafield><datafield ind1='1' ind2=' ' tag='100'><subfield code='a'>Kreidman, Ellen</subfield></datafield><datafield ind1='1' ind2='0' tag='245'><subfield code='a'>Podtrzymuj w nim ogień /</subfield><subfield code='c'>Ellen Kreidman ; przeł.Izabela Bukojemska, Małgorzata Dors.</subfield></datafield><datafield ind1=' ' ind2=' ' tag='260'><subfield code='a'>W-wa :</subfield><subfield code='b'>&quot;Amber&quot;,</subfield><subfield code='c'>1995.</subfield></datafield><datafield ind1=' ' ind2=' ' tag='300'><subfield code='a'>229 s.;</subfield><subfield code='c'>19 cm.</subfield></datafield><datafield ind1='1' ind2=' ' tag='490'><subfield code='a'>Pomóc życiu</subfield></datafield><datafield ind1=' ' ind2=' ' tag='500'><subfield code='a'>n</subfield></datafield><datafield ind1='1' ind2=' ' tag='700'><subfield code='a'>Bukojemska, Izabela</subfield><subfield code='e'>Tł.</subfield></datafield><datafield ind1='1' ind2=' ' tag='700'><subfield code='a'>Dors, Małgorzata</subfield><subfield code='e'>Tł.</subfield></datafield><datafield ind1=' ' ind2=' ' tag='852'><subfield code='b'>48OMNIS_NETWORK</subfield><subfield code='8'>9913261476405606</subfield></datafield><datafield ind1=' ' ind2=' ' tag='852'><subfield code='b'>48OMNIS_KR</subfield><subfield code='8'>991000024259708216</subfield></datafield><datafield ind1=' ' ind2=' ' tag='920'><subfield code='a'>83-7082-939-2</subfield></datafield></record>
  </collection>
</resp>
